Nový fotosenzibilizátor a indukcia poškodenia DNA v A2780 bunkách
Saved in:
| Main Author: | |
|---|---|
| Other Authors: | |
| Format: | Manuscript Book |
| Language: | Slovak |
| Subjects: | |
| Online Access: | http://is.stuba.sk/zp/portal_zp.pl?podrobnosti=92721 |
| Tags: |
No Tags, Be the first to tag this record!
|
MARC
| LEADER | 00000ntm a22000003a 4500 | ||
|---|---|---|---|
| 001 | stuzp46938 | ||
| 003 | SK-STU | ||
| 005 | 20160229160114.6 | ||
| 007 | ta | ||
| 008 | 150427s2015----xo-----f-mn---000-0-slo-d | ||
| 040 | |a STU |b slo | ||
| 041 | 0 | |a slo | |
| 100 | 1 | |a Júnošová, Lenka |u 043260 |4 aut |U FCHPT Ústav biochémie, výživy a ochrany zdravia |T FCHPT Oddelenie biochémie a mikrobiológie |X 42729 |U C3260 |Y 113 |7 42729 | |
| 242 | 0 | 1 | |a New Type of Photosensitizer and Induction of the DNA Damage in A2780 Cells |y eng |
| 245 | 1 | 0 | |a Nový fotosenzibilizátor a indukcia poškodenia DNA v A2780 bunkách |
| 650 | 4 | |a fotodynamická terapia |2 slo | |
| 650 | 4 | |a fotosenzibilizátor |2 slo | |
| 650 | 4 | |a poškodenie DNA |2 slo | |
| 650 | 4 | |a photodynamic therapy |2 eng | |
| 650 | 4 | |a photosensitizer |2 eng | |
| 650 | 4 | |a damage of DNA |2 eng | |
| 700 | 1 | |a Paulíková, Helena, |d 1956- |4 ths |X 3915 |7 A000003915 | |
| 856 | 4 | |u http://is.stuba.sk/zp/portal_zp.pl?podrobnosti=92721 | |
| SQL | |a stuzp46938 |b DBP |c SLO |d Nový fotosenzibilizátor a indukcia poškodenia DNA v A2780 bunkách |e 42729 |f Júnošová, Lenka |g 043260 |h 3915 |i Paulíková, Helena |j 20140715 |k 752 |l 04 |m http://is.stuba.sk/zp/portal_zp.pl?podrobnosti=92721 | ||